[Event "Dubai op 21st"]
[Site "Dubai"]
[Date "2019.04.07"]
[Round "7"]
[White "Debashis, Das"]
[Black "Bharath, Subramaniyam H"]
[Result "1-0"]
[WhiteElo "2532"]
[BlackElo "2301"]
[PlyCount "97"]
[EventDate "2019.04.01"]
[EventType "swiss"]
[EventRounds "9"]
[EventCountry "UAE"]
[SourceTitle "CBM 189 Extra"]
[Source "ChessBase"]
[SourceDate "2019.05.31"]
[SourceVersion "1"]
[SourceVersionDate "2019.05.31"]
[SourceQuality "1"]

1. d4 Nf6 2. c4 e6 3. Nc3 c5 4. d5 exd5 5. cxd5 d6 6. Nf3 g6 7. Nd2 Nbd7 8. e4 Bg7 9. Be2 0-0 10. 0-0 Re8 11. a4 Ne5 12. Qc2 Bg4 13. Bb5 Bd7 14. Be2 Bg4 15. f4 Ned7 16. Bd3 Nh5 17. Nc4 Nb6 18. Ne3 Bd4 19. a5 c4 20. axb6 cxd3 21. Qxd3 Bxb6 22. Kh1 Bd7 23. Nc4 Bc5 24. Be3 b5 25. Nd2 b4 26. Nd1 Rc8 27. Bxc5 Rxc5 28. Rf2 Qh4 29. Kg1 Bb5 30. Qf3 Rc2 31. g3 Qh3 32. f5 Re7 33. Ne3 Rxb2 34. Rc1 f6 35. fxg6 hxg6 36. Ng4 Kh8 37. e5 dxe5 38. d6 Rf7 39. Qd5 Rg7 40. Nxf6 Nxf6 41. Rxf6 Bd7 42. Rf8+ Kh7 43. Qa8 Kh6 44. Rh8+ Rh7 45. Qf8+ Kg5 46. Nf3+ Kg4 47. Nxe5+ Kg5 48. Qf4+ Kh5 49. Rxh7# 1-0

[Event "Dubai op 21st"]
[Site "Dubai"]
[Date "2019.04.04"]
[Round "4"]
[White "Sandipan, Chanda"]
[Black "Debashis, Das"]
[Result "1/2-1/2"]
[WhiteElo "2534"]
[BlackElo "2532"]
[PlyCount "87"]
[EventDate "2019.04.01"]
[EventType "swiss"]
[EventRounds "9"]
[EventCountry "UAE"]
[SourceTitle "CBM 189 Extra"]
[Source "ChessBase"]
[SourceDate "2019.05.31"]
[SourceVersion "1"]
[SourceVersionDate "2019.05.31"]
[SourceQuality "1"]

1. e4 e5 2. Nf3 Nf6 3. Nxe5 d6 4. Nf3 Nxe4 5. d4 d5 6. Bd3 Be7 7. 0-0 Nc6 8. Nbd2 Bf5 9. Re1 Nxd2 10. Qxd2 Bxd3 11. Qxd3 0-0 12. c3 a6 13. Bf4 Bd6 14. Ng5 g6 15. Qh3 h5 16. Qg3 Bxf4 17. Qxf4 Qd7 18. Nf3 Kg7 19. Ne5 Nxe5 20. Rxe5 Rae8 21. Rae1 Rxe5 22. Qxe5+ f6 23. Qe3 Rf7 24. h4 Rf8 25. g3 Rf7 26. Kg2 Rf8 27. b3 Rf7 28. f3 Rf8 29. Re2 Rf7 30. Qe6 Qxe6 31. Rxe6 Rf8 32. Re7+ Rf7 33. Re8 Rf8 34. Rxf8 Kxf8 35. g4 hxg4 36. fxg4 g5 37. Kg3 Kg7 38. hxg5 fxg5 39. c4 dxc4 40. bxc4 b5 41. cxb5 axb5 42. Kf3 Kf6 43. Ke4 c6 44. a3 1/2-1/2